| 000 | 00590nam a2200181 i 4500 | ||
|---|---|---|---|
| 001 | 184931 | ||
| 003 | ES-MaACL | ||
| 005 | 20250714235858.0 | ||
| 008 | 160219s1960 sp |||| | spa d | ||
| 080 | _a821.134.2-4"19" | ||
| 100 | 1 |
_aMartí Ibáñez, Félix, _d1911-1972 _9158827 |
|
| 245 | 1 | 0 |
_aSurco : _bensayos sobre literatura, historia de la medicina, arte y psicología / _cFélix Martí Ibáñez. |
| 260 |
_aMadrid : _bAguilar, _c1960. |
||
| 300 |
_a486 p. ; _c21 cm. |
||
| 650 | 4 |
_aMedicina- _vHistoria _914907 |
|
| 852 |
_aES-MaACL _jC-18345 |
||
| 999 |
_c184931 _d184931 |
||